20 Most Populous Countries in 90 Seconds - Statistics

General Stats
  • This quiz has been taken 196 times
  • The average score is 15 of 20
Answer Stats
country % Correct
China
98%
United States
98%
India
95%
Russia
91%
Brazil
86%
Mexico
85%
Indonesia
80%
Pakistan
80%
Germany
79%
Japan
79%
Nigeria
75%
Bangladesh
74%
Egypt
73%
Iran
64%
Dem Rep Congo
61%
Turkey
61%
Philippines
59%
Ethiopia
58%
Thailand
57%
Vietnam
57%
No matching quizzes found
Score Distribution
Percent of People with Each Score
Percentile by Number Answered
Your Score History
You have not taken this quiz